| 000 | 02452nam a22003017a 4500 | ||
|---|---|---|---|
| 008 | 251028b |||||||| |||| 00| 0 eng d | ||
| 020 | _a9782330178963 | ||
| 040 | _ctbs | ||
| 041 |
_afre _heng |
||
| 050 | _aPS3566.I372 | ||
| 100 |
_aPicoult, Jodi _d1966- _924079 _eauthor |
||
| 240 |
_aWish you were here. _lFrench |
||
| 245 |
_aJ'amerais tant que tu sois là _c/ Jodi Picoult ; Marie Chabin. |
||
| 260 |
_aArles : _bActus Sud, _c2023 |
||
| 300 |
_a390 pages ; _c24 cm. |
||
| 520 | _aLa vie de Diana est sur des rails : elle a le petit ami idéal et le job de ses rêves chez Sotheby's. À bientôt trente ans, il ne lui manque plus que la bague au doigt, et elle est presque sûre que Finn va faire sa demande pendant leur escapade aux Galápagos. Mais, réquisitionné à l'hôpital en ce début 2020, il doit rester à New York et insiste pour qu'elle profite de ce paradis sans lui. C'est donc à contrecoeur qu'elle part - et rien ne se passe comme prévu : bagage perdu, hôtel fermé, wifi inexistant, elle se retrouve coupée du monde et doit sortir de sa zone de confort. De rencontres en introspection, Diana pourrait bien réaliser que sa vie et son bonheur ne sont pas là où elle le croyait... | ||
| 520 | _aDiana’s life is right on track: she has the perfect boyfriend and her dream job at Sotheby’s. With thirty fast approaching, the only thing missing is a ring on her finger—and she’s almost certain Finn will propose during their getaway to the Galápagos. But when he’s called back to the hospital at the start of 2020, he has to stay in New York and urges her to enjoy the paradise without him. So she reluctantly goes—and nothing goes according to plan: her luggage is lost, the hotel is closed, the Wi-Fi nonexistent. Cut off from the world, she has no choice but to step outside her comfort zone. Through chance encounters and deep self-reflection, Diana may come to realize that her life—and her happiness—aren’t where she thought they were… | ||
| 650 | 0 |
_aArt auctions _vFiction _926338 |
|
| 650 | 0 |
_aLife change events _vFiction _924020 |
|
| 650 | 0 |
_aWomen _vFiction _911136 |
|
| 650 | 0 |
_aCOVID-19 Pandemic, 2020-2023 _vFiction _926339 |
|
| 650 | 0 |
_aMan-woman relationships _vFiction _911134 |
|
| 650 | 0 |
_aVacations _vFiction _925446 |
|
| 651 | 0 |
_aGalapagos Islands _vFiction _926340 |
|
| 651 | 0 |
_aNew York (N.Y.) _vFiction _924052 |
|
| 700 |
_aChabin, Marie _926341 _etranslator |
||
| 942 | _2lcc | ||
| 999 |
_c5112 _d5112 |
||